México: Diccionario de Opinión Pública /

Сохранить в:
Библиографические подробности
Главный автор: Piekarewicz Sigal, Mina (coord.)
Другие авторы: Reyes Heroles, Federico (prólogo) (prólogo)
Формат:
Язык:испанский
Опубликовано: México: Grijalbo : Este País : Hoja Casa Editorial, 2000, c2000
Предметы:
Метки: Добавить метку
Нет меток, Требуется 1-ая метка записи!

MARC

LEADER 00000nam^a2200000^a^4500
001 000138031
005 20250521000000.0
009 20260310095414.982
020 |a 970-05-1254-1 
037 |a Acervo ITESO - Biblioteca 
041 |a ESP 
082 |a 303. 3803  |b PIE 
100 |a Piekarewicz Sigal, Mina  |e (coord.) 
245 1 0 |a México:  |b Diccionario de Opinión Pública /  |c M. Piekarewicz Sigal ; pról. F. Reyes Heroles ; il. José Palomo. 
264 4 |a México:  |b Grijalbo :  |b Este País :  |b Hoja Casa Editorial,  |c 2000, c2000 
300 |a 240 p. 
336 |a texto  |b txt  |2 rdacontenido 
337 |a sin mediación  |b n  |2 rdamedio 
338 |a volumen  |b nc  |2 rdasoporte 
649 |a XX 
650 |a Sexualidad 
650 |a Crisis Económica 
650 |a Derechos Humanos 
650 |a Democracia 
650 |a Elecciones 
650 |a Opinión Pública -  |z México -  |x Enciclopedias y Diccionarios -  |x Tema Principal 
650 |a Opinión Pública -  |x Enciclopedias y Diccionarios 
650 |a México -  |x Historia -  |y Siglo XX 
700 |a Reyes Heroles, Federico  |e (prólogo) 
910 |a Fondo General 
920 |a Impresos - Libros 
930 |a Colección General 
905 |a 101 
901 |a 0500066399  |b IT1  |c ACC  |u 20250521 
902 |a https://opac.biblio.iteso.mx/vufind/Record/000138031